Statistiques concernant Culture Générale - Série 1059

Cliquez ici pour prendre le quiz!

Statistiques générales

  • Ce quiz a été pris 44 fois
  • Le résultat moyen est 6 sur 10

Statistiques - réponses

Question Réponse % Correct
Dans quel pays du sud-est asiatique se situe le célèbre site de Diên Biên Phu ?Viêtnam
95%
Dans quel État insulaire se trouve la prison militaire de Guantanamo ?Cuba
95%
De quel pays font partie les îles de l'archipel arctique appelées "îles de la Reine-Élisabeth" ?Canada
65%
Quel État européen a pour devise : "Dieu et mon droit" ?Grande-Bretagne
65%
Quel président américain a été assassiné dans un théâtre par l'acteur John Wilkes Booth ?Abraham Lincoln
63%
Quelle rue du sud de Manhattan abrite la Bourse de New York, le New York Stock Exchange ?Wall Street
63%
De quel roman de Umberto Eco, le jeune Adso de Melk, est-il le narrateur ?Le Nom de la rose
56%
A quel groupe de rock 'n' roll français doit-on les tubes, des années 80 : "Chante" et "Flip-Flap" ?Les Forbans
35%
Comment se prénomme la fille unique d'Alain Delon, avec laquelle il a monté les marches du palais des festivals à Cannes en 2010 ?Anouchka
30%
En 1979, Claude Jade est l'héroïne du feuilleton télévisé policier "L'Île aux trente...cercueils
12%

Distribution des résultats

Percentile par nombre de réponses

% des personnes avec chaque résultat

Votre développement - résultats

Vous n’avez pas pris ce quiz